Centroamérica: estadísticas macroeconómicas 1971-1976

Datos sobre cuentas nacionales, balanza de pagos, comercio exterior, aspectos fiscales y monetarios (periódo 1971-76), de cada uno de los paises centroamericanos./ALLV

محفوظ في:
التفاصيل البيبلوغرافية
مؤلف مشترك: SIECA
التنسيق: نص
منشور في: Guatemala :
الموضوعات:
الوسوم: إضافة وسم
لا توجد وسوم, كن أول من يضع وسما على هذه التسجيلة!

MARC

LEADER 00000 a a2200000 04500
001 19681
003
040
090 |a 078700  
110 |a SIECA  
245 |a Centroamérica: estadísticas macroeconómicas 1971-1976  
260 |a Guatemala :  
300 |a 71 p.  
520 |a Datos sobre cuentas nacionales, balanza de pagos, comercio exterior, aspectos fiscales y monetarios (periódo 1971-76), de cada uno de los paises centroamericanos./ALLV  
650 |a ESTADISTICAS ECONOMICAS  
999 |c 14653  |d 14653